Complete the horror movie title p2 - Statistics

General Stats
  • This quiz has been taken 31 times
  • The average score is 10 of 15
Answer Stats
Hint Answer % Correct
From Dusk till ____ Dawn
100%
_____ Destination Final
97%
World ___ Z War
90%
A Quiet _____ Place
87%
There’s Something _____ with the Children Wrong
81%
The Other ____ of the Door Side
77%
The ____ Within Evil
74%
The Wicker ___ Man
74%
____ Breathe Don’t
61%
_____ no Evil Speak
52%
Evil Dead ____ Rise
45%
The Lost ____ Boys
35%
The House that ____ Built Jack
35%
The ____ Stepsister Ugly
29%
The First ____ Omen
19%
No matching quizzes found
Score Distribution
Percent of People with Each Score
Percentile by Number Answered
Your Score History
You have not taken this quiz